| 000 | 01779nam a22002177a 4500 | ||
|---|---|---|---|
| 001 | 6560 | ||
| 003 | FISKH | ||
| 005 | 20250509151400.0 | ||
| 008 | 250509b cb ||||| |||| 00| 0 eng d | ||
| 040 |
_aFISKH _bkhr _cFISKH _dFISKH |
||
| 082 | _a510 | ||
| 100 | _aSovan, Meas | ||
| 245 |
_aលីមីតនិងភាពជាប់នៃអនុគមន៏ ថ្នាក់ទី១២ : _bកម្រងលំហាត់គំរូ និងស្រាវជ្រាវរូបមន្ត និងគន្លឺះទ្រឺស្តីសំខាន់ៗ / _cរៀបរៀងនិងចងក្រងដោយ មាស សុវណ្ណ និង អយ សុីណា |
||
| 260 |
_aភ្នំពេញ : _bបណ្ណាគារ តាព្រហ្ម , _c២០១៧ . |
||
| 300 |
_a319 pages : _billustrations ; _c20 cm . |
||
| 520 | _aសៀវភៅនេះផ្តល់ការណែនាំលម្អិតអំពីមេរៀនលីមីត និងភាពជាប់នៃអនុគមន៍ សម្រាប់សិស្សថ្នាក់ទី១២។ វាប្រមូលផ្តុំមេរៀនសង្ខេប និងលំហាត់គំរូដែលអាចជួយសិស្សក្នុងការសិក្សា និងត្រៀមប្រឡងបានយ៉ាងមានប្រសិទ្ធភាព។ | ||
| 520 | _aThis book provides detailed guidance on the lessons of limits and continuity of functions for Grade 12 students. It includes summarized lessons and sample exercises that can effectively help students study and prepare for exams. | ||
| 700 |
_aSamphors , Chrin _eIllustrator |
||
| 942 |
_2ddc _cKHB _n0 |
||
| 999 |
_c6560 _d6560 |
||